Puente de palabras : (Registro nro. 14042)

Detalles MARC
000 -LIDER
fixed length control field 02836nam a2200373 i 4500
001 - NÚMERO DE CONTROL
Identificador de número de control 000008370
003 - IDENTIFICACDOR DE NÚMERO DE CONTROL
control field DO-SdBNP
005 - DATE AND TIME OF LATEST TRANSACTION
control field 20240521123644.0
007 - CAMPOS FIJOS DE DESCRIPCIÓN FÍSICA
fixed length control field ta
008 - ELEMENTOS DE LONGITUD FIJA
fixed length control field 090916s2006 dr r 000 j spa d
020 ## - ISBN
International Standard Book Number 9993442518
040 ## - FUENTE DE CATALOGACIÓN
Agencia que crea de manera original el registro DO-SdBNP
Idioma de catalogación spa
Agencia que realiza la transcripción BNPHU
Convenciones de la despripción rda
082 #4 - NÚMERO DE CLASIFICACIÓN DECIMAL DE DEWEY
Classification number 808.83
Item number P977p 2006
Edition number 22
245 00 - MENCIÓN DE TITULO
Título Puente de palabras :
Subtítulo compilación de cuentos costarricenses y dominicanos /
Mención de responsabilidad compilación costarricense, Alexandra Meléndez ; nota introductoria, Magda Zavala ; compilación dominicana y nota introductoria, Avelino Stanley ; presentación, Alejandro Arvelo.
264 ## - PRODUCTION, PUBLICATION, DISTRIBUTION, MANUFACTURE, AND COPYRIGHT NOTICE
Place of production, publication, distribution, manufacture Santo Domingo :
Name of producer, publisher, distributor, manufacturer Dirección General de la Feria del Libro,
Date of production, publication, distribution, manufacture, or copyright notice 2006.
300 ## - DESCRIPCIÓN FÍSICA
Extensión 198 páginas ;
Dimensiones 23 cm.
336 ## - CONTENT TYPE
Source rdacontent
Content type term texto
Content type code txt
337 ## - MEDIA TYPE
Source rdamedia
Media type term sin mediación
Media type code n
338 ## - CARRIER TYPE
Source rdacarrier
Carrier type term volumen
Carrier type code nc
490 0# - MENCIÓN DE SERIES
Mención de serie Ediciones Ferilibro
Volume/sequential designation 89
505 0# - NOTA DE CONTENIDO
Título Presentación /
Mención de responsabilidad Alejandro Arvelo --
Título Costa Rica -- Cuentos, relatos y pueblos /
Mención de responsabilidad Magda Zavala --
Título El secreto /
Mención de responsabilidad Julieta Pinto --
Título Metáforas /
Mención de responsabilidad Samuel Rovinski --
Título Soy como un árbol /
Mención de responsabilidad Lara Ríos --
Título El último que se duerma /
Mención de responsabilidad Fernando Durán Ayanegui --
Título Historias de las piedras que cantan /
Mención de responsabilidad Alfonso Chase Brenes --
Título La serpiente /
Mención de responsabilidad Eduardo Castillo Rojas --
Título Te hemos traído el mar /
Mención de responsabilidad Uriel Quesada --
Título La silla /
Mención de responsabilidad Rodrigo Soto --
Título El loco que irrumpió en la piedra virgen /
Mención de responsabilidad Adriana Hidalgo --
Título El hombre que llevaba su país en un bolsillo /
Mención de responsabilidad Carlos Rubio --
Título Sin pena ni gloria /
Mención de responsabilidad Leonardo Garnier --
Título Tren interurbano /
Mención de responsabilidad Magda Zavala --
Título Arañitas verdes circulan por mis sienes /
Mención de responsabilidad Alfonso Peña --
Título República Dominicana --
-- Por los trillos del cuento dominicano /
Mención de responsabilidad Avelino Stanley --
Título La mujer /
Mención de responsabilidad Juan Bosch --
Título Más allá del espejo /
Mención de responsabilidad Virgilio Díaz Grullón --
Título La ventana /
Mención de responsabilidad Hilma Contreras --
Título El gato /
Mención de responsabilidad Armando Almánzar --
Título El enigma /
Mención de responsabilidad Diógenes Váldez --
Título El fantasma de la calle El Conde /
Mención de responsabilidad Pedro Peix --
Título Una noche recibirás /
Mención de responsabilidad Rafael García Romero --
Título Masticar una rosa /
Mención de responsabilidad Ángela Hernández --
Título Sonidos del silencio /
Mención de responsabilidad Luis Martín Gómez --
Título Fin de mundo /
Mención de responsabilidad Aurora Arias --
Título Los tres soldados /
Mención de responsabilidad Manuel García Cartagena --
Título Olor a santidad /
Mención de responsabilidad Ligia Minaya --
Título El reino sin fin /
Mención de responsabilidad Pedro Antonio Váldez --
Título La segunda señal /
Mención de responsabilidad Nan Chevalier.
590 ## - NOTA LOCAL
Texto de la nota local Inventariado, 2024/VM
650 #4 - ENCABEZAMIENTO DE MATERIA--TEMÁTICO
Término temático o nombre geográfico como elemento de entrada Cuentos dominicanos
Subdivisión de forma Colecciones
650 #4 - ENCABEZAMIENTO DE MATERIA--TEMÁTICO
Término temático o nombre geográfico como elemento de entrada Cuentos costarricenses
Subdivisión de forma Colecciones
650 #4 - ENCABEZAMIENTO DE MATERIA--TEMÁTICO
Término temático o nombre geográfico como elemento de entrada Escritores latinoamericanos
Subdivisión de forma Biografías
650 #4 - ENCABEZAMIENTO DE MATERIA--TEMÁTICO
Término temático o nombre geográfico como elemento de entrada
700 1# - ASIENTO SECUNDARIO -- NOMBRE PERSONAL
Nombre personal Meléndez, Alexandra,
Mención de responsabilidad compilación
700 1# - ASIENTO SECUNDARIO -- NOMBRE PERSONAL
Nombre personal Stanley, Avelino,
Fechas asociadas con el nombre 1959-
Mención de responsabilidad compilación
700 1# - ASIENTO SECUNDARIO -- NOMBRE PERSONAL
Nombre personal Zavala, Magda
Mención de responsabilidad nota introductoria
700 1# - ASIENTO SECUNDARIO -- NOMBRE PERSONAL
Nombre personal Arvelo, Alejandro,
Mención de responsabilidad presentación
710 2# - ASIENTO SECUNDARIO -- NOMBRE CORPORATIVO
Nombre corporativo o de jurisdicción Dirección General de la Feria del Libro (República Dominicana)
910 ## - VALIDACIÓN
Validación VMateo V. Control de calidad BPMSU
942 ## - ADDED ENTRY ELEMENTS (KOHA)
Source of classification or shelving scheme Dewey Decimal Classification
Koha item type Libros
Existencias
Withdrawn status Lost status Source of classification or shelving scheme Damaged status Not for loan Collection code Home library Current library Date acquired Total Checkouts Full call number Barcode Date last seen Price effective from Koha item type
    Dewey Decimal Classification     Colección Dominicana Biblioteca Pública Metropolitana Salomé Ureña Biblioteca Pública Metropolitana Salomé Ureña 02/12/2024   BPMSU CD 808.83 P977p 2006 BPMSU24020024 02/12/2024 02/12/2024 Libros